Príklady transferového oceňovania (daň z príjmov - závislé osoby)

Bibliographic Details
Main Author: Pastierik, Vladimír (Author)
Format: Article
Language:Slovak
ISSN:1335-4329
Subjects:

MARC

LEADER 00000nab a2200000 a 4500
001 vtls000769394
003 SK-MaSNL
005 20260304113706.0
008 250429c2001 xo 0 slo
015 |a SNBRB2001/10-30062 
035 |a CLN000121181 
035 |a urn:nbn:sk:snk-ab780m 
035 |a (uuid)477de4d6-2edd-4446-ac9a-991d816f3a7d 
035 |a (urnnbn)urn:nbn:sk:snk:ar-a075k0 
035 |a (sysno)vtls000769394 
040 |a SNKBUCL  |b slo  |c SNKBUCL  |e AACR2 
041 0 |a slo 
044 |a xo  |c SK 
080 |a 336.215-054.6:338.5  |2 1997 
080 |a 338.5  |2 1997 
100 1 |a Pastierik, Vladimír  |4 aut  |9 11641 
245 1 0 |a Príklady transferového oceňovania  |b (daň z príjmov - závislé osoby)  |c Vladimír Pastierik 
650 0 7 |a závislé osoby (právo)  |2 snkbucl  |9 120768 
650 0 7 |a dane z príjmov  |2 snkbucl  |9 2125 
650 0 7 |a transferové oceňovanie  |2 snkbucl  |9 81951 
650 0 7 |a ceny obvyklé  |2 snkbucl  |9 875112 
773 0 |t Manažment, mzdy a financie  |g Roč. 8, č. 15 (2001), s. 8-20  |x 1335-4329 
850 |a Slovenská národná knižnica 
852 |a Slovenská národná knižnica 
954 |a odborná, vedecká literatúra pôvodná (slovenská)  |2 lita 
958 |a article2022 
958 |a OND 
958 |a SK 
958 |a EUIPO 
999 |c 2870413  |d 2872343